Catálogo

ANALISIS LOCACIONAL EN LA GEOGRAFIA HUMANA (Registro nro. 12378)

Detalles MARC
000 -LEADER
fixed length control field 00494nam a2200181 a 4500
001 - CONTROL NUMBER
control field 12378
005 - DATE AND TIME OF LATEST TRANSACTION
control field 20180713200633.0
008 - FIXED-LENGTH DATA ELEMENTS--GENERAL INFORMATION
fixed length control field 140415s1976 sp 000 0 spa d
041 ## - LANGUAGE CODE
Language code of text/sound track or separate title spa
082 ## - DEWEY DECIMAL CLASSIFICATION NUMBER
Classification number 711
Item number CIE
100 1# - MAIN ENTRY--PERSONAL NAME
Personal name HAGGETT, P.
245 10 - TITLE STATEMENT
Title ANALISIS LOCACIONAL EN LA GEOGRAFIA HUMANA
250 ## - EDITION STATEMENT
Edition statement 1a ed.
260 ## - PUBLICATION, DISTRIBUTION, ETC.
Place of publication, distribution, etc. ESPAÑA :
Name of publisher, distributor, etc. G.GILI,
Date of publication, distribution, etc. 1976
490 ## - SERIES STATEMENT
Series statement CIENCIA URBANISTICA
Volume/sequential designation 17
650 14 - SUBJECT ADDED ENTRY--TOPICAL TERM
Topical term or geographic name entry element SOCIOLOGIA URBANA
General subdivision URBANIZACION
700 1# - ADDED ENTRY--PERSONAL NAME
Personal name OBIOLS, J.M.
Relator term tr.
Existencias
Withdrawn status Lost status Source of classification or shelving scheme Damaged status Not for loan Collection code Home library Current library Shelving location Date acquired Source of acquisition Inventory number Total Checkouts Full call number Barcode Date last seen Price effective from Koha item type
    Dewey Decimal Classification     General Biblioteca Karol Wojtyla Biblioteca Karol Wojtyla Área de silencio 03/12/2013 Compra 151000000000000000028209   711 CIE 28333 05/01/2026 03/12/2013 Libro